000 00788nam a2200229Ia 4500
001 9849
003 GE_BSU
008 181216s||||||||xx |||||||||||||| ||und||
020 _a9994039059
040 _cGE_BSU
080 _a821.353.1–1
100 _aიაშვილი,პაოლო
245 _aასი ლექსი
245 _cშემდგ.ნინო ყულოშვილი.წინასიტყვ.ბელა წიფურიასი.საგამომც.პროექტის ავტ. კახმეგ კუდავა
260 _aთბილისი
260 _bინტელექტი
260 _c2006
300 _a152გვ.20სმ
541 _h5ლ.70თ.
653 _aასი ლექსი
942 _cBK
999 _c43128
_d43128